| 000 | 00705cam a2200241 a 4500 | ||
|---|---|---|---|
| 001 | 000005929 | ||
| 003 | DO-SdBNP | ||
| 005 | 20210928100235.0 | ||
| 007 | ta | ||
| 008 | 950330s 1993 sp 001 0 spa | ||
| 020 | _a8480480238 | ||
| 040 |
_aDO-SdBNP _cDLC |
||
| 082 | 4 |
_aBNPHU 862.64 _bG984m |
|
| 100 | 1 |
_aGutiérrez Aragón, Manuel, _d1942- _916718 |
|
| 245 | 1 | 0 |
_aMorirás de otra cosa / _cManuel Gutiérrez Aragón. |
| 260 |
_aMadrid : _bSociedad General de Autores de España, _c1993. |
||
| 300 |
_a87 p. ; _c23 cm. |
||
| 490 | 1 |
_aTeatro _v17 |
|
| 650 | 1 | 4 |
_aTeatro español _ySiglo XX _916710 |
| 650 | 1 | 4 |
_aLiteratura española _ySiglo XX _916711 |
| 830 | 0 |
_aTeatro ; _v17 _95617 |
|
| 942 |
_2ddc _cLBS1 |
||
| 999 |
_c5725 _d5725 |
||